| 000 | 01212cam a2200265 4500 | ||
|---|---|---|---|
| 008 | 031202n1998 000 0 eng u | ||
| 020 | _a0727727133 | ||
| 035 | _a(Sirsi) u124542 | ||
| 041 | _aeng | ||
| 050 |
_a690.241 _c18 |
||
| 110 |
_aInstitution of Civil Engineers _91402 |
||
| 245 | _aStructural appraisal of iron-framed textile mills | ||
| 260 |
_aLondon _bThomas Telford _c1998 |
||
| 300 |
_avii, 70p. _c30cm |
||
| 350 | _a35 | ||
| 490 | _aICE Design and Practice Guide | ||
| 520 | _aGuidance by the ICE on converting obsolete textile mills for new uses, aimed primarily at engineers. Explains principal construction methods and materials of these buildings and how they should be assessed during a structural appraisal. Provides guidance on how modern building regulations affect old mills and presents simple measures for improving strength and robustness to ensure compliance. Contains a worked example of a structural appraisal. | ||
| 650 | _aSTRUCTURAL APPRAISAL | ||
| 650 | _aTEXTILE MILLS | ||
| 650 | _aHISTORIC BUILDINGS | ||
| 650 | _aCONVERSIONS | ||
| 650 | _aENGINEERS | ||
| 690 | _aBUILT ENVIRONMENT-BUILDING MAINTENANCE AND REFURBISHMENT-BUILDING CONSERVATION | ||
| 942 | _n0 | ||
| 999 |
_c103244 _d103244 |
||